[Rusko a perspekívy spolupráce s EÚ (s osobitným zameraním na SR)]

Recenzia na vedeckú monografiu, ktorá sa zameriava na oblasť zahraničnoobchodnej spolupráce Európskej únie s Ruskou federáciou v medzinárodnom podnikaní a jej prepojenie na hospodársku spoluprácu so Slovenslou republikou.

Gespeichert in:
Bibliographische Detailangaben
1. Verfasser: Verček, Peter
Format: Buchkapitel
Sprache:Slowakisch
Schlagworte:
Tags: Tag hinzufügen
Keine Tags, Fügen Sie das erste Tag hinzu!

MARC

LEADER 00000naa$a2200000$$$4500
001 0104297
005 20240502072136.7
041 0 |a slo 
044 |a SK 
245 1 0 |a [Rusko a perspekívy spolupráce s EÚ (s osobitným zameraním na SR)]  |c Peter Verček 
520 |a Recenzia na vedeckú monografiu, ktorá sa zameriava na oblasť zahraničnoobchodnej spolupráce Európskej únie s Ruskou federáciou v medzinárodnom podnikaní a jej prepojenie na hospodársku spoluprácu so Slovenslou republikou. 
610 2 0 |a recenzie 
610 2 0 |a podnikanie medzinárodné 
610 2 0 |a Rusko 
610 2 0 |a Európska únia 
610 2 0 |a spolupráca hospodárska medzinárodná 
100 1 |a Verček, Peter